Handbook Of Psychiatric Nursing (Record no. 252609)

MARC details
000 -LEADER
fixed length control field 00366pam a2200145a 44500
008 - FIXED-LENGTH DATA ELEMENTS--GENERAL INFORMATION
fixed length control field 230405s2023 xxu||||| |||| 00| 0 eng d
020 ## - INTERNATIONAL STANDARD BOOK NUMBER
International Standard Book Number 9789374734759
Terms of availability Rs.210
082 ## - DEWEY DECIMAL CLASSIFICATION NUMBER
Classification number 617
Item number SWA
100 ## - MAIN ENTRY--PERSONAL NAME
Personal name Swarup,Nupur
245 ## - TITLE STATEMENT
Title Handbook Of Psychiatric Nursing
260 ## - PUBLICATION, DISTRIBUTION, ETC.
Place of publication, distribution, etc. New Delhi
Name of publisher, distributor, etc. AITBS Publisher
Date of publication, distribution, etc. 2023
300 ## - PHYSICAL DESCRIPTION
Extent 124 p.
502 ## - DISSERTATION NOTE
Dissertation note text
906 ## - LOCAL DATA ELEMENT F, LDF (RLIN)
a 004598

No items available.